Statistics for SZA - Jodie (All Lyrics)

Click here to take the quiz!

General Stats

  • This quiz has been taken 20 times
  • The average score is 257 of 322

Answer Stats

Answer% Correct
a
100%
I
100%
in
100%
Just
100%
just
100%
"why
100%
and
92%
be
92%
be,
92%
day
92%
Day
92%
day,
92%
D-D-Day
92%
End
92%
for
92%
for,
92%
Gee,
92%
it
92%
it's
92%
like,
92%
like
92%
me
92%
me?"
92%
my
92%
of
92%
the
92%
(to
92%
to
92%
Trees
92%
trees
92%
try
92%
t-t-trees
92%
wind,
92%
wind
92%
wish
92%
alone
83%
been
83%
better
83%
between
83%
But
83%
Do
83%
do
83%
don't
83%
friends,
83%
go
83%
love
83%
no,
83%
no
83%
one,
83%
ones
83%
pen
83%
Stuck
83%
that
83%
things
83%
wanna
83%
want
83%
were
83%
with
83%
you
83%
am
75%
boyfriend
75%
could
75%
coulda
75%
get
75%
heard
75%
high,
75%
High,
75%
high
75%
high-high
75%
high-high,
75%
I've
75%
jail,
75%
need
75%
not
75%
searching
75%
up
75%
up,
75%
weed
75%
Weed
75%
work
75%
appreciate
67%
Are
67%
cab
67%
called
67%
doin'
67%
fine?
67%
got
67%
livin'
67%
livin'?
67%
months
67%
mornin'
67%
off
67%
pretty,
67%
ride?
67%
take
67%
this
67%
three
67%
too
67%
week
67%
Woke
67%
Adderall
58%
away
58%
'Cause
58%
gettin'
58%
good
58%
hard
58%
How
58%
if
58%
key
58%
left.
58%
left)
58%
life
58%
lock
58%
money?
58%
see
58%
should've
58%
they
58%
throw
58%
anyway
50%
baby
50%
down
50%
down,
50%
Girl,
50%
higher,
50%
hope
50%
know
50%
smoke
50%
training
50%
waist
50%
waitin'
50%
Woulda
50%
pass
42%
roll
42%
straight
42%
blow
33%
Blow
33%
kinda
33%
mine
33%
though
33%
casing,
25%
dippin',
25%
I'm
25%
knocked
25%
out
25%
round,
25%
trippin',
25%

Score Distribution

Percentile by Number Answered

Percent of People with Each Score

Your Score History

You have not taken this quiz